000 01119cab a22002055a 4500
001 L153855
008 110913e20110910xxk 000 0 eng d
035 _a(Sirsi) u153855
041 0 _aeng
100 1 _aCunningham, Daniel
245 0 0 _aFocus
_hManchester
260 _c2011
490 _aEstates Gazette
_v(1136) 10 September 2011, 75-85(9)
520 _aOngoing development schemes in Manchester include One St Peter's Square partly prelet to KPMG and Co-operative Group's NOMA regeneration scheme which includes a new HQ building. Redundancies in the agency sector are predicted due to number of recent mergers such as Jones Lang Lasalle and King Surge. Market in numbers looks at office and industrial take up, availability and rents in Manchester city centre, South Manchester, Salford Quays and Old Trafford. Concludes with retails rents in Manchester, Stockport, Bolton, Bury, Oldham, Wigan, Rochdale and Salford and a market health check.
590 _aKA
651 4 _aGREATER MANCHESTER
690 _aPROPERTY-COMMERCIAL PROPERTY-COMMERCIAL PROPERTY MARKET
700 1 _aThame, David
942 _n0
999 _c83405
_d83405